Disparity v sociálnom bývaní v Európskej únii
Definícia sociálneho bývania - sociálne bývanie v krajinách Európskej únie. Sociálne bývanie podľa zdroja CECODHAS (Comité Européen de Coordination de l'Habitat Social). Sociálne bývanie podľa zdroja EU SILC (Zisťovanie o príjmoch a životných podmienkach domácností). Rozdelenie obyvateľov podľa vlas...
Guardado en:
| Autor principal: | |
|---|---|
| Formato: | Capítulo de libro |
| Lenguaje: | eslovaco |
| Materias: | |
| Etiquetas: |
Sin Etiquetas, Sea el primero en etiquetar este registro!
|
MARC
| LEADER | 00000naa$a2200000$$$4500 | ||
|---|---|---|---|
| 001 | 0249958 | ||
| 005 | 20240502083712.9 | ||
| 041 | 0 | |a slo | |
| 044 | |a CZ | ||
| 245 | 1 | 0 | |a Disparity v sociálnom bývaní v Európskej únii |c Viera Labudová |
| 520 | |a Definícia sociálneho bývania - sociálne bývanie v krajinách Európskej únie. Sociálne bývanie podľa zdroja CECODHAS (Comité Européen de Coordination de l'Habitat Social). Sociálne bývanie podľa zdroja EU SILC (Zisťovanie o príjmoch a životných podmienkach domácností). Rozdelenie obyvateľov podľa vlastníckeho vzťahu k obydliu. Rozdelenie obyvateľov ohrozených rizikom chudoby podľa vlastníckeho vzťahu k obydliu. | ||
| 610 | 2 | 0 | |a bývanie |
| 610 | 2 | 0 | |a politika sociálna |
| 610 | 2 | 0 | |a byty sociálne |
| 610 | 2 | 0 | |a byty |
| 610 | 2 | 0 | |a vlastníctvo |
| 610 | 2 | 0 | |a disparita |
| 610 | 2 | 0 | |a blahobyt |
| 610 | 2 | 0 | |a chudoba |
| 610 | 2 | 0 | |a chudobní |
| 610 | 2 | 0 | |a nerovnosť sociálna |
| 610 | 2 | 0 | |a Európska únia |
| 610 | 2 | 0 | |a porovnanie medzinárodné |
| 100 | 1 | |a Labudová, Viera, 1958- | |